UM Logo

Mathematical persistence among four African male graduate students : (Record no. 23577)

MARC details
000 -LEADER
fixed length control field 00879nam a22001937a 4500
005 - DATE AND TIME OF LATEST TRANSACTION
control field 20260407143454.0
008 - FIXED-LENGTH DATA ELEMENTS--GENERAL INFORMATION
fixed length control field 250307b |||||||| |||| 00| 0 eng d
082 ## - DEWEY DECIMAL CLASSIFICATION NUMBER
Classification number DPer 510.071 J82 January - May 2019 v. 50 n. 1-3
100 ## - MAIN ENTRY--PERSONAL NAME
Personal name Jett, Christopher C.
Relator term author.
9 (RLIN) 65701
245 ## - TITLE STATEMENT
Title Mathematical persistence among four African male graduate students :
Remainder of title a critical race analysis of their experiences /
Statement of responsibility, etc. Christopher C. Jett.
260 ## - PUBLICATION, DISTRIBUTION, ETC. (IMPRINT)
Place of publication, distribution, etc. Reston, Virginia ;
Name of publisher, distributor, etc. National Council of Teachers of Mathematics,
Date of publication, distribution, etc. May 2019.
300 ## - PHYSICAL DESCRIPTION
Extent volume 50, pages 311-339,
Other physical details illustration.
500 ## - GENERAL NOTE
General note Journal for Research in Mathematics Education, v. 50 n. 3, pages 311-339, May 2019.
650 #0 - SUBJECT ADDED ENTRY--TOPICAL TERM
Topical term or geographic name as entry element Academic persistence.
9 (RLIN) 68455
650 #0 - SUBJECT ADDED ENTRY--TOPICAL TERM
Topical term or geographic name as entry element African American students.
9 (RLIN) 68161
650 #0 - SUBJECT ADDED ENTRY--TOPICAL TERM
Topical term or geographic name as entry element Critical theory.
9 (RLIN) 64883
700 ## - ADDED ENTRY--PERSONAL NAME
Personal name Jett, Christopher C.
Relator term author.
9 (RLIN) 65701
942 ## - ADDED ENTRY ELEMENTS (KOHA)
Source of classification or shelving scheme Dewey Decimal Classification
Koha item type Periodicals
Holdings
Withdrawn status Lost status Source of classification or shelving scheme Damaged status Not for loan Collection code Home library Current library Date acquired Total Checkouts Full call number Date last seen Price effective from Koha item type Public note
    Dewey Decimal Classification     Periodicals UM Digos College - LIC UM Digos College - LIC 03/07/2025   DPer 510.071 J82 January - May 2019 v. 50 n. 1-3 03/07/2025 03/07/2025 Periodicals Periodical Article